| Tag |
First Indicator |
Second Indicator |
Subfields |
| LEADER |
00000cam a2200000 a 4500 |
| 001 |
in00001134603 |
| 005 |
20150930093639.0 |
| 008 |
811105s1961 nyu 000 0 eng d |
| 035 |
|
|
|a (OCoLC)07908821
|
| 035 |
|
|
|9 AFY2984AM
|
| 040 |
|
|
|a IWT
|c IWT
|d TXA
|d UtOrBLW
|
| 049 |
|
|
|a TXAM
|
| 090 |
|
|
|a BS491.2
|b .P3 v.26
|
| 130 |
0 |
|
|a Bible.
|p Amos.
|l English.
|f 1961.
|
| 245 |
1 |
4 |
|a The books of Amos, Osee and Michea /
|c with a commentary by Marcian Strange.
|
| 264 |
|
1 |
|a New York :
|b Paulist Press,
|c [1961]
|
| 264 |
|
4 |
|c ©1961
|
| 300 |
|
|
|a 96 pages ;
|c 23 cm.
|
| 336 |
|
|
|a text
|b txt
|2 rdacontent
|
| 337 |
|
|
|a unmediated
|b n
|2 rdamedia
|
| 338 |
|
|
|a volume
|b nc
|2 rdacarrier
|
| 490 |
1 |
|
|a Pamphlet Bible series, ;
|v v.26
|
| 630 |
0 |
0 |
|a Bible.
|p Amos
|x Commentaries.
|
| 630 |
0 |
0 |
|a Bible.
|p Hosea
|x Commentaries.
|
| 630 |
0 |
0 |
|a Bible.
|p Micah
|x Commentaries.
|
| 700 |
1 |
|
|a Strange, Marcian.
|
| 730 |
0 |
|
|a Bible.
|p Hosea.
|l English.
|f 1961.
|
| 730 |
0 |
|
|a Bible.
|p Micah.
|l English.
|f 1961.
|
| 830 |
|
0 |
|a Pamphlet Bible series ;
|v v.26.
|
| 999 |
|
|
|a MARS
|
| 999 |
f |
f |
|s 570fbfd9-8d05-31fc-ae97-fafb876960a9
|i 6943bc2d-d98b-3e76-a84b-93ad031611a6
|t 0
|
| 952 |
f |
f |
|p ric
|a Texas A&M University
|b Rellis Campus
|c Joint Library Facility
|d Remote Storage
|t 0
|e BS491.2 .P3 v.26
|h Library of Congress classification
|i unmediated -- volume
|m A14817556548
|
| 998 |
f |
f |
|a BS491.2 .P3 v.26
|t 0
|l Remote Storage
|